| 000 | 00698nam a22002057a 4500 | ||
|---|---|---|---|
| 005 | 20251108172514.0 | ||
| 008 | 250721s9999 xx 000 0 ara d | ||
| 082 | 1 | 4 | _a347.02فود |
| 100 | 1 | _aفودة، عبدالحكم | |
| 245 | 1 | 0 | _aوقف الدعوى المدنية لحين الفصل في الدعوى الجنائية / |
| 264 | 1 |
_aالقاهرة : _bمكتبة الإشعاع القانونية، |
|
| 300 | _a136ص | ||
| 650 | 1 | 7 | _aالقانون المدني |
| 650 | 1 | 7 | _aالقانون الجنائي |
| 650 | 1 | 7 | _aالمراجعةالقضائية |
| 650 | 1 | 7 | _aالملاحقة القضائية |
| 650 | 1 | 7 | _aقانون الدعوى |
| 942 |
_2ddc _cBK |
||
| 999 |
_c81090 _d81090 |
||